00359pab a2200121 454500008004000000100002400040245009000064260000900154300001400163362000800177650001600185773003600201180718b2008 xxu||||| |||| 00| 0 eng d aSmitha, P.R. et al. aCosts, returns and resource use efficiency in Anthurium cultivation in Coorg district c2008 ap.593-96. aDec aCultivation aAgricultural Situation in India